Statistics for country capitals

Click here to take the quiz!

General Stats

  • This quiz has been taken 4 times
  • The average score is 12 of 15

Answer Stats

HintAnswer% Correct
brazilbrasilia
100%
egyptcairo
100%
denmarkcopenhagen
100%
spainmadrid
100%
franceparis
100%
italyrome
100%
japantokyo
100%
belgiumbrussels
75%
uruguaymontevideo
75%
norwayoslo
75%
ecuadorquito
75%
swedenstockholm
75%
surinameparamaribo
50%
mongoliaulaanbaatar
50%
indiadehli
0%

Score Distribution

Percentile by Number Answered

Percent of People with Each Score

Your Score History

You have not taken this quiz